Loading...

Paraphrase of poetry A manuals for schools /

Bibliografiske detaljer
Hovedforfatter: Candler, Edmund
Sprog:Undetermined
Udgivet: 1905.
Fag:
LEADER 00552nam a2200145Ia 4500
001 127094
008 170722s9999 xx 000 0 und d
100 |a Candler, Edmund 
245 |a Paraphrase of poetry  |b A manuals for schools / 
260 |c 1905. 
653 |a Precis Writing 
942 |c GEN 
999 |c 157849  |d 157849 
952 |0 0  |1 0  |4 0  |6 P_52_D5CRD51  |7 0  |9 221268  |a LIB  |b LIB  |d 2017-08-12  |o P-:52 D5(CR)-D5;1  |p A3715  |r 2017-08-12  |w 2017-08-12  |y GEN 
952 |0 0  |1 0  |4 0  |6 P_52_D5CRD51  |7 0  |8 CR  |9 221269  |a LIB  |b LIB  |d 2017-08-12  |o P-:52 D5(CR)-D5;1  |p A7024  |r 2017-08-12  |w 2017-08-12  |y GEN